000 01088nam a22002537a 4500
005 20170123164157.0
010 _aA-978199
020 _c100.00
035 _aA-978199
037 _aCen Lib / Ret
040 _aDPL
_bPN
082 _a851.08
_bਅਮਰੀ
100 _aਅਮਰੀਕ ਸਿੰਘ ਪੁੰਨੀ
_99532
245 _aਪੂਰਾਨ ਨਾਥ ਜੋਗੀ ਅਤੇ ਇਕ ਜੰਗਲੀ ਫੁੱਲ /
_cਅਮਰੀਕ ਸਿੰਘ ਪੁੰਨੀ
246 _aBhagwan Singh rachit kissa jiaunna maurr /
_bby Bhagwan Singh ; edited by Rupinder Kaur Sandhu
260 _aਦਿੱਲੀ
_bਮਨਪ੍ਰੀਤ ਪ੍ਰਕਾਸ਼ਨ
_c1999
270 _a16/16 (1st floor) ਗੀਤਾ ਕਾਲੋਨੀ
_bਦਿੱਲੀ
_e110031
300 _a95p.
_c19cm(Hb)
650 _aਪੰਜਾਬੀ ਸਾਹਿਤ-ਕਵਿਤਾਵਾਂ
_9780
650 _aਪੰਜਾਬੀ ਸਾਹਿਤ
_9134491
650 _aPunjabi Literature-Poems
_9782
650 _aPunjabi Literature
_9134492
942 _2ddc
_cPN
_h851.08
_mਅਮਰੀ
999 _c110753
_d110753